Analýza faktorů vedoucích k rozvoji inovací ve veřejném sektoru

Zvyšujúci sa tlak na inovácie sa stále viacej prejavuje aj vo verejnom sektore, ktorý je charakteristický svojím sklonom k neefektívnosti. Príspevok sa zaoberá dôvodmi, ktoré vedú k rozvoju inovácií vo verejnom sektore, keď v tejto časti národného hospodárstva chýba finančné zainteresovanie osôb ale...

Descripción completa

Guardado en:
Detalles Bibliográficos
Autor principal: Jirásková, Kateřina
Formato: Capítulo de libro
Lenguaje:checo
Materias:
Etiquetas: Agregar Etiqueta
Sin Etiquetas, Sea el primero en etiquetar este registro!

MARC

LEADER 00000nla$a2200000$$$4500
001 0079034
005 20220801085006.3
041 0 |a cze 
044 |a CZ 
245 1 0 |a Analýza faktorů vedoucích k rozvoji inovací ve veřejném sektoru  |c Kateřina Jirásková 
520 |a Zvyšujúci sa tlak na inovácie sa stále viacej prejavuje aj vo verejnom sektore, ktorý je charakteristický svojím sklonom k neefektívnosti. Príspevok sa zaoberá dôvodmi, ktoré vedú k rozvoju inovácií vo verejnom sektore, keď v tejto časti národného hospodárstva chýba finančné zainteresovanie osôb alebo skupín akcionárov. 
610 2 0 |a globalizácia 
610 2 0 |a sektor verejný 
610 2 0 |a inovácia 
100 1 |a Jirásková, Kateřina